000 00334nam a2200145 i 4500
001 bg
100 1 _aHILCZER, Bożena
245 0 _aElectrets /
_cB. Hilczer, J. Małecki.
260 _aWarszawa,
_c1986.
700 1 _aMAŁECKI, Jerzy
040 _cBPK
041 _apol
942 _cKS
008 s pl f |000 0 pol
999 _c28452
_d28452
856 _uhttp://koha.tu.koszalin.pl/cgi-bin/koha/opac-detail.pl?biblionumber=28452
_yKatalog online BPK